Makroekonomický otazník Potenciální output ekonomiky v transformaci
Odhad vývoja potenciálneho outputu českej ekonomiky v posledných troch rokoch. Definícia potenciálneho outputu. Štandardné metódy odhadu potenciálneho outputu v ČR. Neštandardné prístupy. Nepriame metódy odhadu potenciálneho outputu.
Salvato in:
| Autore principale: | |
|---|---|
| Natura: | Capitolo di libro |
| Lingua: | ceco |
| Soggetti: | |
| Tags: |
Nessun Tag, puoi essere il primo ad aggiungerne!!
|
MARC
| LEADER | 00000naa a2200000 4500 | ||
|---|---|---|---|
| 001 | r015772 | ||
| 005 | 20221205085958.1 | ||
| 041 | 0 | |a cze | |
| 044 | |a CZ | ||
| 245 | 1 | 0 | |a Makroekonomický otazník |b Potenciální output ekonomiky v transformaci |c Vladimír Bárta |
| 520 | |a Odhad vývoja potenciálneho outputu českej ekonomiky v posledných troch rokoch. Definícia potenciálneho outputu. Štandardné metódy odhadu potenciálneho outputu v ČR. Neštandardné prístupy. Nepriame metódy odhadu potenciálneho outputu. | ||
| 610 | 2 | 0 | |a makroekonomika |
| 610 | 2 | 0 | |a transformácia |
| 610 | 2 | 0 | |a potenciál ekonomický |
| 610 | 2 | 0 | |a Česko |
| 100 | 1 | |a Bárta, Vladimír | |